000 00754nam a2200229Ii 4500
003 JO-AjNU
008 230605s9999||||xx |||||||||||||| ||und||
017 _a2008/9/3412
020 _a978-9957-24-442-2
040 _aJO-AjNU
_bara
_erda
_cJO-AjNU
041 _aara
050 1 4 _aLC3965.U23 2009
100 3 _aعبيد،ماجدة السيد,
_eauthor
_930928
245 0 0 _aمدخل إلى التربية الخاصة
250 _aط1
264 3 1 _aعمان:دار الصفاء،2009
300 _a352ص
336 _atext
_btxt
_2rdacontent
337 _aunmediated
_bn
_2rdamedia
338 _avolume
_bnc
_2rdacarrier
650 4 _aالتربية الخاصة. الموهوبون-تعليم. الأطفال المعوقون-تعليم
_930929
999 _aA12315
_c15883
_d15883